=LDR 00000nam 2200000 4500 =001 INLIS000000000043965 =005 20131008104025 =008 ***********************************Ind** =035 ##$$a0010-101300000001887 =041 ##$$a Ind =082 ##$$a 633.32 =090 ##$$a 633.32, Gra t =100 ##$$a Graaff =245 ##$$a Tepung kedelai, bahan makanan bergizi untuk kesehatan, Graaff =260 ##$$a 2005 $b Jakarta =300 ##$$a viii, 95 hlm, ilus, 21 cm =650 ##$$a Kedelai =850 ##$$a NBPNMAT =990 ##$$a 21400613/BPAP-NTB/20142014